Loading...
| Arts - Music | 6 | 16.67 | 100% | 50% | 17% |
| Arts - Other Arts | 7 | 18.57 | 100% | 71% | 14% |
| Arts - Painting | 7 | 24.29 | 100% | 86% | 57% |
| History - American History | 4 | 20.00 | 100% | 75% | 25% |
| History - European | 6 | 20.00 | 100% | 67% | 33% |
| History - Other History | 5 | 14.00 | 100% | 40% | 0% |
| History - World | 1 | 30.00 | 100% | 100% | 100% |
| History - World History | 3 | 16.67 | 100% | 33% | 33% |
| Literature - American Lit | 4 | 20.00 | 100% | 75% | 25% |
| Literature - British Lit | 7 | 20.00 | 86% | 100% | 14% |
| Literature - European Lit | 4 | 20.00 | 100% | 50% | 50% |
| Literature - World | 1 | 30.00 | 100% | 100% | 100% |
| Literature - World Lit | 7 | 24.29 | 100% | 71% | 71% |
| Mythology | 7 | 20.00 | 100% | 71% | 29% |
| Other - Geo/CE | 5 | 22.00 | 100% | 100% | 20% |
| Other Academic | 5 | 16.00 | 100% | 60% | 0% |
| Philosophy | 1 | 10.00 | 100% | 0% | 0% |
| Pop Culture | 7 | 21.43 | 86% | 71% | 57% |
| Religion | 7 | 21.43 | 100% | 86% | 29% |
| Science - Biology | 5 | 20.00 | 100% | 60% | 40% |
| Science - Chemistry | 7 | 14.29 | 100% | 43% | 0% |
| Science - Other Science | 8 | 10.00 | 63% | 25% | 13% |
| Science - Physics | 6 | 16.67 | 100% | 50% | 17% |
| Thought - Philosophy | 6 | 13.33 | 100% | 33% | 0% |
| Thought - Social Science | 7 | 21.43 | 100% | 71% | 43% |